Exercitatio Theologica De Religione Ejusq; Differentiis Qvam Adspirante Spiritu Sancto

Bibliographic Details
Main Author: Meier, Gebhard Theodor, 1633-1693 (Author)
Corporate Author: Hesse, Heinrich (Helmstedt, Nemecko) (Printer)
Other Authors: Adami, August Christian (Dissertant)
Format: Book
Language:Latin
PhysicalDescription:[48] strán 21 cm
Published: Helmestadii Literis Henrici Hessin MDCLXXXV. [=1685]
Subjects:

MARC

LEADER 00000nam a2200000 a 4500
001 vtls011749338
003 SK-MaSNL
005 20260301183018.0
008 251112s1685 gw 000 0 lat
015 |a SNBHFA1685 
040 |a SNKHF  |b slo  |c SNK  |e AACR2 
041 0 |a lat 
044 |a gw  |c DE 
072 7 |a 2  |x Náboženstvo  |2 konspekt 
080 |a 21/29-1/-9  |2 2011 
080 |a 2-1  |2 2011 
080 |a 378.245  |2 2001 
100 1 |a Meier, Gebhard Theodor,  |d 1633-1693  |4 aut  |9 557693 
245 1 0 |a Exercitatio Theologica De Religione Ejusq; Differentiis Qvam Adspirante Spiritu Sancto  |c Sub Praesidio Dn. Gebhardi Theodori Meieri S. Theol. D. ; Augustus Christianus Adami 
260 |a Helmestadii  |b Literis Henrici Hessin  |c MDCLXXXV. [=1685] 
300 |a [48] strán  |c 21 cm 
500 |a Vineta, iniciálka s ornamentálnym pozadím na 7 riadkov, kustódy 
501 |a Príväzok 3. k: BUDDEUS, Johann Franz. Ioan. Francisci Bvddei Theol. D. Et P. P. Ord. Commentatio Theologica De Eo Qvod In Theologia Pvlchrvm Est Perillvstris. Ienae: Litteris Mvllerianis, [1715].  |5 SNK IC 143973 
546 |a Latinčina  |b Antikva  |b Kurzíva 
561 |a Z knižnice Učenej spoločnosti malohontskej.  |5 SNK IC 143973/prív.3 
650 0 7 |a teológia  |2 SNKPH  |9 1814 
650 0 7 |a dizertácie  |2 SNKPH  |9 4040 
700 1 |a Adami, August Christian  |4 dis  |9 557694 
710 2 |a Učená spoločnosť malohontská  |4 fmo  |9 205374 
710 0 |a Hesse, Heinrich (Helmstedt, Nemecko),  |d 1681-1716  |4 prt  |9 176586 
752 |a Nemecko  |d Helmstadt 
852 |a snk  |b Historické fondy  |p IC 143973/prív.3 
958 |a ONDV 
999 |c 855550  |d 857480 
952 |t MHC II.B.e.XXVII  |a SNK  |b SNK  |c SNK_HF  |y PREZ  |7 0  |p 17A1300115  |o snkIC 143973/prív.3  |i snk2018/7770  |8 5  |0 0  |1 0  |4 0  |d 2018-04-05  |f 2  |l 0  |r 2026-02-24 04:55:15  |w 2026-02-24